LEADER 01341nam 2200409 450 001 9910466033303321 010 $a1-4438-9166-5 035 $a(CKB)3710000001365071 035 $a(MiAaPQ)EBC4857951 035 $a(EXLCZ)993710000001365071 100 $a20170608h20172017 uy 0 101 0 $aeng 135 $aurcnu|||||||| 181 $2rdacontent 182 $2rdamedia 183 $2rdacarrier 200 00$aBilingualism and minority languages in Europe $ecurrent trends and developments /$fedited by Fraser Lauchlan and Maria del Carmen Parafita Couto 210 1$aNewcastle upon Tyne, England :$cCambridge Scholars Publishing,$d2017. 210 4$dİ2017 215 $a1 online resource (278 pages) $cillustrations, maps, tables 311 $a1-4438-1943-3 320 $aIncludes bibliographical references at the end of each chapters. 606 $aLinguistic minorities$zEurope 606 $aBilingualism$zEurope 608 $aElectronic books. 615 0$aLinguistic minorities 615 0$aBilingualism 676 $a306.4494 702 $aLauchlan$b Fraser 702 $aCouto$b M. Carmen Parafita 801 0$bMiAaPQ 801 1$bMiAaPQ 801 2$bMiAaPQ 906 $aBOOK 912 $a9910466033303321 996 $aBilingualism and minority languages in Europe$92163889 997 $aUNINA LEADER 00757nas 2200265zu 450 001 9911050219803321 005 20260111162544.0 011 $a2962-1747 035 $a(CKB)44917270300041 035 $a(EXLCZ)9944917270300041 100 $a20260111cuuuuuuuu || | 101 0 $aeng 135 $aur||||||||||| 200 00$aJournal of Communication Studies and Society 210 $aIndonesia: $cUniversitas Pendidikan Nasional 610 0$acommunication 610 0$ajournalism 610 0$acultural studies 610 0$apublic relations 610 0$acorporate communication 610 0$abusiness communication 906 $aJOURNAL 912 $a9911050219803321 996 $aJournal of Communication Studies and Society$94523653 997 $aUNINA